ՀՀ Գիտությունների ազգային ակադեմիայի հիմնարար գիտական գրադարան  =   Fundamental Scientific Library of NAS RA

Հանրային սեփականության պահպանությունը / (Record no. 170237)

MARC details
000 -LEADER
fixed length control field 00901nam a2200217 u 4500
001 - CONTROL NUMBER
control field 000466670
003 - CONTROL NUMBER IDENTIFIER
control field AM-YeHGA
005 - DATE AND TIME OF LATEST TRANSACTION
control field 20250618072527.0
008 - FIXED-LENGTH DATA ELEMENTS--GENERAL INFORMATION
fixed length control field 051201s1933 ai r 000 0 arm d
040 ## - CATALOGING SOURCE
Original cataloging agency AM-YeHGA
041 0# - LANGUAGE CODE
Language code of text/sound track or separate title arm
090 ## - LOCALLY ASSIGNED LC-TYPE CALL NUMBER (OCLC); LOCAL CALL NUMBER (RLIN)
-- 171674
100 1# - MAIN ENTRY--PERSONAL NAME
Personal name Գնունի, Խ.
245 10 - TITLE STATEMENT
Title Հանրային սեփականության պահպանությունը /
Statement of responsibility, etc. Խ. Գնունի; Խմբ.՝ Հ. Գալիկյան; Լեզվ. խմբ.՝ Վ. Թերզիբաշյան.
260 ## - PUBLICATION, DISTRIBUTION, ETC.
Place of publication, distribution, etc. Յերևան :
Name of publisher, distributor, etc. Կուսհրատ,
Date of publication, distribution, etc. 1933.
300 ## - PHYSICAL DESCRIPTION
Extent 32 էջ :
Other physical details աղս.
650 14 - SUBJECT ADDED ENTRY--TOPICAL TERM
Topical term or geographic name entry element Մարդու իրավունքներ
653 0# - INDEX TERM--UNCONTROLLED
Uncontrolled term Սոցիալիստական սեփականություն - Պահպանում
700 1# - ADDED ENTRY--PERSONAL NAME
Personal name Գալիկյան, Հրանտ Ավետիսի,
Dates associated with a name 1889-1938
Relator term խմբ.
Relationship edt
9 (RLIN) 3002
700 1# - ADDED ENTRY--PERSONAL NAME
Personal name Թերզիբաշյան, Վահրամ Վահանի,
Dates associated with a name 1899-1964
Relator term խմբ.
Relationship edt
9 (RLIN) 2563
Holdings
Withdrawn status Lost status Damaged status Not for loan Collection Home library Current library Date acquired Total checkouts Full call number Barcode Date last seen Price effective from Koha item type Public note
        General Fundamental Scientific Library Fundamental Scientific Library 28/12/2016   AII/38332 220038332 28/12/2016 28/12/2016 Գրքեր / Books 30 Days Loan


ՀՀ ԳԱԱ հիմնարար գիտական գրադարան
ՀՀ,Երևան 0019
Մարշալ Բաղրամյան 24/6
հեռախոս:(374-10) 52-47-50
Հետադարձ կապ

All site content, except where otherwise noted, is licensed under a
Creative Commons License